| 000 | 00433nam a22001337a 4500 | ||
|---|---|---|---|
| 003 | OSt | ||
| 005 | 20140310182443.0 | ||
| 008 | 130803t xxu||||| |||| 00| 0 eng d | ||
| 050 |
_aQH 308.2 _b.At872 2008 |
||
| 245 |
_aBiology: _bthe Science of life / _cRosario F. Atienza; Ma. Nerissa Atienza-De Leon |
||
| 260 |
_aManila, Philippines : _bUniversity of Santo Thomas Publishing House, _cc2008. |
||
| 942 |
_2lcc _cSSLC |
||
| 999 |
_c13568 _d13568 |
||